000
00260nam a22001097a 4500
008
160624b xxu||||| |||| 00| 0 eng d
100
_9
860
_a
Stein, M
245
_a
We Help Daddy
260
_a
N.Y
_b
A Golden Book
_c
1962
300
_a
We Help Daddy
942
_2
ddc
_c
BK
999
_c
684
_d
684